Statistics for Stick Season - Noah Kahan Lyrics

Click here to take the quiz!

General Stats

  • This quiz has been taken 18 times
  • The average score is 387 of 419

Answer Stats

Answer% Correct
a
100%
all
100%
and
100%
but
100%
half
100%
have
100%
I
100%
like
100%
me
100%
my
100%
no
100%
now
100%
of
100%
on
100%
promised
100%
that
100%
the
100%
to
100%
you
100%
your
100%
alcohol
93%
change
93%
Christmas
93%
come
93%
do
93%
drink
93%
each
93%
fault
93%
for
93%
forgot
93%
friends
93%
home
93%
I'll
93%
in
93%
it
93%
it's
93%
just
93%
lose
93%
might
93%
mom
93%
night
93%
not
93%
one
93%
play
93%
saw
93%
season
93%
she
93%
so
93%
some
93%
split
93%
sticks
93%
through
93%
'till
93%
tire
93%
tracks
93%
version
93%
victim
93%
was
93%
As
87%
as
87%
call
87%
can't
87%
combined
87%
did
87%
dream
87%
drive
87%
existed
87%
exit
87%
future
87%
had
87%
halfway
87%
heart
87%
I'm
87%
kept
87%
love
87%
miles
87%
more
87%
must
87%
oh
87%
other
87%
pair
87%
passed
87%
right
87%
shoes
87%
sign
87%
still
87%
straight
87%
than
87%
that'll
87%
there's
87%
Vermont
87%
when
87%
yourself
87%
am
80%
anger
80%
back
80%
called
80%
COVID
80%
darkness
80%
Doc
80%
doubt
80%
driving
80%
exactly
80%
forever
80%
left
80%
once
80%
our
80%
planes
80%
smoking
80%
thought
80%
told
80%
travel
80%
weed
80%
you're
80%
because
73%
between
73%
Dad
73%
even
73%
face
73%
from
73%
funny
73%
if
73%
inherited
73%
laugh
73%
longer
73%
memories
73%
miss
73%
off
73%
pain's
73%
passing
73%
rains
73%
replace
73%
see
73%
something
73%
stuck
73%
terrified
73%
trailed
73%
voice
73%
way
73%
weather
73%
bad
67%
cancel
67%
'cause
67%
good
67%
this
67%
are
60%
could
60%
does
60%
hope
60%
out
60%
piled
60%
blame
53%

Score Distribution

Percentile by Number Answered

Percent of People with Each Score

Your Score History

You have not taken this quiz